O henne, nineshtu olleyavalu. (Record no. 97446)

MARC details
000 -LEADER
fixed length control field 02172nam a2200217Ia 4500
003 - CONTROL NUMBER IDENTIFIER
control field OSt
005 - DATE AND TIME OF LATEST TRANSACTION
control field 20250127124914.0
008 - FIXED-LENGTH DATA ELEMENTS--GENERAL INFORMATION
fixed length control field 210210b1994 xxu||||| |||| 00| 0 eng d
040 ## - CATALOGING SOURCE
Transcribing agency AL
041 ## - LANGUAGE CODE
Language code of text/sound track or separate title Kannada
082 ## - DEWEY DECIMAL CLASSIFICATION NUMBER
Classification number 158.1K YANO
100 ## - MAIN ENTRY--PERSONAL NAME
Personal name YANDAMURI VIRENDRANATH.
Dates associated with a name ಯಂಡಮೂರಿ ವೀರೇಂದ್ರನಾಥ್
9 (RLIN) 195620
245 ## - TITLE STATEMENT
Title O henne, nineshtu olleyavalu.
Remainder of title ಓ ಹೆಣ್ಣೇ ನೀನೆಷ್ಟು ಒಳ್ಳೆಯವಳು
260 ## - PUBLICATION, DISTRIBUTION, ETC.
Place of publication, distribution, etc. Hubballi
Name of publisher, distributor, etc. Sahitya Prakashana
Date of publication, distribution, etc. 1994
300 ## - PHYSICAL DESCRIPTION
Extent 144
520 ## - SUMMARY, ETC.
Summary, etc. ಹೆಣ್ಣಿನ ಅಂತರಾಳದ ಪಿಸುಮಾತುಗಳು ಗಂಡಿಗೆ ಎಷ್ಟು ಗೊತ್ತಿರುತ್ತದೆ? ಎಂಬ ಪ್ರಶ್ನೆ ಒಂದು ಕಡೆ. ಹೊಟ್ಟೆ ಹೊರೆಯಲು ಒಂದು ಹುದ್ದೆ ಹಿಡಿದು ಉನ್ನತ ಸ್ಥಾನಕ್ಕೆ ಮೇಲೇರುವಾಗ ಮಹಿಳೆಯನ್ನು ಹತ್ತಿಕ್ಕಲು ನೋಡುವ ಪುರುಷ ಸಮಾಜಕ್ಕೆ ಇಲ್ಲಿಯ ಕತಾನಾಯಕಿ ದಿಟ್ಟತನದಿಂದ ಗೆದ್ದು ಬದುಕುವ ಕಥಾ ಹೂರಣ ಓದುಗರನ್ನು ರೋಚಕತೆಯ ಅಂಚಿಗೆ ಕರೆದೊಯ್ಯುತ್ತದೆ. “ಈ ಪ್ರಪಂಚದಲ್ಲಿ ಸುಖವಾದ ಸಂಸಾರಕ್ಕಿಂತ ಆನಂದಕರವಾದದ್ದು ಮತ್ತೇನೂ ಇಲ್ಲ. ಯಾರೇ ಆದರೂ ಪ್ರಯತ್ನಿಸಬೇಕಾಗಿರುವುದು ಇದಕ್ಕಾಗಿಯೇ” - ಇಂತಹ ಸೂಕ್ತಿಗಳು ಕಾದಂಬರಿಯ ಸೊಗಸನ್ನು ಮತ್ತಷ್ಟು ಹೆಚ್ಚಿಸುತ್ತವೆ. ಲೇಖಕ ರುದ್ರಸಪ್ನ ಮತ್ತು ಈರಣ್ಣ ಜಿ. ಅವರು ಈ ಕಾದಂಬರಿಯನ್ನು ಕನ್ನಡಕ್ಕೆ ಅನುವಾದಿಸಿದ್ದಾರೆ.<br/><br/>
690 ## - LOCAL SUBJECT ADDED ENTRY--TOPICAL TERM (OCLC, RLIN)
Topical term or geographic name as entry element Applied Psychology
9 (RLIN) 195631
700 ## - ADDED ENTRY--PERSONAL NAME
Personal name Rudrasvapna & Ji Iranna.
Dates associated with a name ರುದ್ರಸ್ವಪ್ನ ಮತ್ತು ಜಿ ಈರಣ್ಣ Tr.
9 (RLIN) 195632
906 ## - LOCAL DATA ELEMENT F, LDF (RLIN)
a 048514
942 ## - ADDED ENTRY ELEMENTS (KOHA)
Source of classification or shelving scheme Dewey Decimal Classification
Koha item type Book
Holdings
Withdrawn status Lost status Source of classification or shelving scheme Damaged status Not for loan Collection code Home library Current library Date acquired Cost, normal purchase price Total Checkouts Full call number Barcode Date last seen Price effective from Koha item type
    Dewey Decimal Classification     Psychology St Aloysius Library St Aloysius Library 02/17/2021 27.00   158.1K YANO 048514 02/17/2021 02/17/2021 Book